000 00715nam a2200289Ia 4500
005 20260324111302.0
008 008 260324s9999 xx 000 0 eng d
020 _a9781003481676
037 _aEBOOK
040 _aCRL
040 _beng
040 _cCRL
041 _2eng
041 _aeng
084 _qCRL
100 _aBernard S. Schlager
_91137921
245 0 _aMapping New Terrain in Queer Religious Scholarship
245 0 _bEssays in Honor of John Eastburn Boswell
260 _bTaylor and Francis
260 _c2025
365 _a
365 _b230
856 _uhttp://www.taylorfrancis.com/books/9781003481676
942 _cEBOOK
999 _c1726692
_d1726692